Daag The Fire (Record no. 34359)

MARC details
000 -LEADER
fixed length control field 02548ngm a2200421 4500
003 - CONTROL NUMBER IDENTIFIER
control field dpl
005 - DATE AND TIME OF LATEST TRANSACTION
control field 20100303154832.0
007 - PHYSICAL DESCRIPTION FIXED FIELD--GENERAL INFORMATION
fixed length control field DVD
008 - FIXED-LENGTH DATA ELEMENTS--GENERAL INFORMATION
fixed length control field ||||||sp199 xxu|||||c ||| 00| 0 ng d
010 ## - LIBRARY OF CONGRESS CONTROL NUMBER
LC control number DVD-005825-5832
024 ## - OTHER STANDARD IDENTIFIER
Standard number or code TSDVD-1032
Terms of availability 49.00
035 ## - SYSTEM CONTROL NUMBER
System control number DVD-005825-5832
040 ## - CATALOGING SOURCE
Original cataloging agency DPL
Transcribing agency DPL
082 ## - DEWEY DECIMAL CLASSIFICATION NUMBER
Classification number DVD DAAG
245 ## - TITLE STATEMENT
Title Daag The Fire
Statement of responsibility, etc Raj Kanwar Film Presents
Medium [videorecording] DVD/
260 ## - PUBLICATION, DISTRIBUTION, ETC. (IMPRINT)
Name of publisher, distributor, etc Super Cassette Industries
300 ## - PHYSICAL DESCRIPTION
Extent 1 videodisc DVD;
Other physical details sd., col. ;
Dimensions 4 3/4 in.
Type of unit DVD
440 ## - SERIES STATEMENT/ADDED ENTRY--TITLE
Title T Series Home Entertainment
538 ## - SYSTEM DETAILS NOTE
System details note Dolby Digital 5.1 - Hindi Subtitles: English
650 ## - SUBJECT ADDED ENTRY--TOPICAL TERM
Topical term or geographic name as entry element Motion Picture
700 ## - ADDED ENTRY--PERSONAL NAME
Personal name Pappu, K.
700 ## - ADDED ENTRY--PERSONAL NAME
Personal name Rajesh Roshan
700 ## - ADDED ENTRY--PERSONAL NAME
Personal name Sameer
700 ## - ADDED ENTRY--PERSONAL NAME
Personal name Dutt, Sanjay
700 ## - ADDED ENTRY--PERSONAL NAME
Personal name Singh, Chandrachur
700 ## - ADDED ENTRY--PERSONAL NAME
Personal name Chaudhry, Mahima
700 ## - ADDED ENTRY--PERSONAL NAME
Personal name Kapoor, Shakti
942 ## - ADDED ENTRY ELEMENTS (KOHA)
Koha item type CD-ROMs, DVDs, VHS
Source of classification or shelving scheme Dewey Decimal Classification
Classification part DVD
Call number suffix DAAG
Holdings
Withdrawn status Lost status Source of classification or shelving scheme Damaged status Not for loan Home library Current library Date acquired Source of acquisition Cost, normal purchase price Total Checkouts Full call number Barcode Date last seen Date checked out Copy number Cost, replacement price Price effective from Koha item type Total Renewals
    Dewey Decimal Classification     Central Library Central Library 03/03/2010 Pioneers/1003/17-11-09/325/13-10-09 /30-11-09 49.00 4 DVD DAAG DVD-005825 12/08/2014 07/08/2014 1 49.00 03/03/2010 CD-ROMs, DVDs, VHS  
    Dewey Decimal Classification     Karol Bagh Karol Bagh 03/03/2010 Pioneers/1003/17-11-09/325/13-10-09 /30-11-09 49.00 1 DVD DAAG DVD-005830 22/11/2014 10/11/2014 1 49.00 03/03/2010 CD-ROMs, DVDs, VHS  
    Dewey Decimal Classification     Narela Narela 03/03/2010 Pioneers/1003/17-11-09/325/13-10-09 /30-11-09 49.00 2 DVD DAAG DVD-005831 17/09/2010 16/09/2010 1 49.00 03/03/2010 CD-ROMs, DVDs, VHS  
    Dewey Decimal Classification     Patel Nagar Patel Nagar 03/03/2010 Pioneers/1003/17-11-09/325/13-10-09 /30-11-09 49.00 5 DVD DAAG DVD-005826 27/01/2018 13/01/2018 1 49.00 03/03/2010 CD-ROMs, DVDs, VHS 2
    Dewey Decimal Classification     R.K.Puram-8 R.K.Puram-8 03/03/2010 Pioneers/1003/17-11-09/325/13-10-09 /30-11-09 49.00   DVD DAAG DVD-005828 03/03/2010   1 49.00 03/03/2010 CD-ROMs, DVDs, VHS  
    Dewey Decimal Classification     Sarojini Nagar Sarojini Nagar 03/03/2010 Pioneers/1003/17-11-09/325/13-10-09 /30-11-09 49.00 5 DVD DAAG DVD-005827 14/09/2015 08/08/2015 1 49.00 03/03/2010 CD-ROMs, DVDs, VHS  
    Dewey Decimal Classification     Shahdara Branch Shahdara Branch 03/03/2010 Pioneers/1003/17-11-09/325/13-10-09 /30-11-09 49.00   DVD DAAG DVD-005832 03/03/2010   1 49.00 03/03/2010 CD-ROMs, DVDs, VHS  
    Dewey Decimal Classification     Vinoba Puri Vinoba Puri 03/03/2010 Pioneers/1003/17-11-09/325/13-10-09 /30-11-09 49.00   DVD DAAG DVD-005829 03/03/2010   1 49.00 03/03/2010 CD-ROMs, DVDs, VHS  

© Delhi Public Library
Hit Counter
free hit counter